000
00308nam a22001337a 4500
008
171101b xxu||||| |||| 00| 0 eng d
020
_a
9780878406302
041
_a
eng
080
_2
6TH
_a
339
100
_a
59
101
_a
TRE
245
_a
CAREERS IN INTERNATIONAL AFFAIRS
_c
CARLAND,M.P
942
_2
udc
_c
BK
999
_c
37084
_d
37084